000 00286nam a2200109Ia 4500
008 171211s9999 xx 000 0 und d
245 _aPam's Cookie Collection
245 _cPam Reiss
260 _c2017
650 _xCOOKBOOKS
856 _uhttp://down.ebook777.com/064/9780981380919.pdf
999 _c348121
_d348121